<?xml version="1.0" encoding="UTF-8"?>
<collection xmlns="http://www.loc.gov/MARC21/slim">
 <record>
  <leader>01269nam a2200265 a 4500</leader>
  <controlfield tag="001">13442447</controlfield>
  <controlfield tag="008">091015s2003    ii       b    001 0deng d</controlfield>
  <datafield tag="010" ind1=" " ind2=" ">
   <subfield code="a">\\2003323192</subfield>
  </datafield>
  <datafield tag="020" ind1=" " ind2=" ">
   <subfield code="a">818560455X</subfield>
  </datafield>
  <datafield tag="020" ind1=" " ind2=" ">
   <subfield code="a">8185604649</subfield>
  </datafield>
  <datafield tag="040" ind1=" " ind2=" ">
   <subfield code="a">DLC</subfield>
   <subfield code="c">DLC</subfield>
  </datafield>
  <datafield tag="082" ind1="0" ind2="0">
   <subfield code="a">305.4/0954/14</subfield>
   <subfield code="2">22</subfield>
  </datafield>
  <datafield tag="245" ind1="0" ind2="4">
   <subfield code="a">The trauma and the triumph :</subfield>
   <subfield code="b">gender and partition in eastern India /</subfield>
   <subfield code="c">edited by Jasodhara Bagchi and Subhoranjan Dasgupta.</subfield>
  </datafield>
  <datafield tag="260" ind1=" " ind2=" ">
   <subfield code="a">Kolkata :</subfield>
   <subfield code="b">Stree ;</subfield>
   <subfield code="a">Mumbai :</subfield>
   <subfield code="b">Distributed by Popular Prakashan,</subfield>
   <subfield code="c">2003.</subfield>
  </datafield>
  <datafield tag="300" ind1=" " ind2=" ">
   <subfield code="a">xi, 272 p. ;</subfield>
   <subfield code="c">22 cm.</subfield>
  </datafield>
  <datafield tag="520" ind1=" " ind2=" ">
   <subfield code="a">Contributed articles on the sufferings of women during the partition of Bengal in 1947; includes personal narratives.</subfield>
  </datafield>
  <datafield tag="504" ind1=" " ind2=" ">
   <subfield code="a">Includes bibliographical references (p. [261]-268) and index.</subfield>
  </datafield>
  <datafield tag="541" ind1="1" ind2=" ">
   <subfield code="e">00019383</subfield>
  </datafield>
  <datafield tag="651" ind1=" " ind2="0">
   <subfield code="a">Bengal (India)</subfield>
   <subfield code="x">History</subfield>
   <subfield code="y">Partition, 1947.</subfield>
  </datafield>
  <datafield tag="650" ind1=" " ind2="0">
   <subfield code="a">Women</subfield>
   <subfield code="z">India</subfield>
   <subfield code="z">Bengal</subfield>
   <subfield code="x">History.</subfield>
  </datafield>
  <datafield tag="700" ind1="1" ind2=" ">
   <subfield code="a">Bagchi, Jasodhara.</subfield>
  </datafield>
  <datafield tag="700" ind1="1" ind2=" ">
   <subfield code="a">Dasgupta, Subhoranjan.</subfield>
  </datafield>
  <datafield tag="852" ind1="4" ind2=" ">
   <subfield code="a">Ayesha Abed Library</subfield>
   <subfield code="j">General shelf</subfield>
  </datafield>
  <datafield tag="999" ind1=" " ind2=" ">
   <subfield code="c">4585</subfield>
   <subfield code="d">4585</subfield>
  </datafield>
  <datafield tag="952" ind1=" " ind2=" ">
   <subfield code="0">0</subfield>
   <subfield code="1">0</subfield>
   <subfield code="2">ddc</subfield>
   <subfield code="4">1</subfield>
   <subfield code="6">305_409541400000000_TRA</subfield>
   <subfield code="7">0</subfield>
   <subfield code="9">4370</subfield>
   <subfield code="a">ENH</subfield>
   <subfield code="b">ENH</subfield>
   <subfield code="d">2009-10-15</subfield>
   <subfield code="l">1</subfield>
   <subfield code="o">305.4095414 TRA</subfield>
   <subfield code="p">3010019383</subfield>
   <subfield code="r">2014-05-14</subfield>
   <subfield code="s">2013-02-18</subfield>
   <subfield code="t">1</subfield>
   <subfield code="w">2009-10-15</subfield>
   <subfield code="y">BK</subfield>
   <subfield code="x">Departmental-issued damaged books were found in the ENH department for the reason of termites eaten in 2016</subfield>
  </datafield>
 </record>
</collection>
